Responses for Show #6122 - Tuesday, April 5, 2011

Christopher Short game 3.

Contestants

[<< previous game]

Cindy Peterson, a crossing guard from Geneva, Illinois

Cory Biggs, a graduate student of public service from Little Rock, Arkansas

Christopher Short, a pub trivia editor from Crawfordsville, Indiana (whose 2-day cash winnings total $32,000)

[next game >>]

Jeopardy! Round responses

ON BENDED KNEE
WHO SANG IT?
IN FLORIDA
(Alex: Each correct response will be made up from letters in the word "Florida".)
OPRAH'S SURPRISES
LEGAL ABBREV.
A STACK OF KNOWLEDGE
    $200 15
Prince William

Cindy
    $200 1
MC Hammer

Christopher
    $200 21
a fad

Christopher
    $200 13
Stevie Wonder

Cory
    $200 27
Military

Cory
    $200 8
a smokestack

Christopher
    $400 16
Prince Rainier

Christopher
    $400 2
Dave Matthews

Cory
    $400 25
an oar

Cory
    $400 14
a Porsche

Cindy
    $400 28
doing business as

Christopher
    $400 9
Chicago

Cory
    $600 17
(Pierre) Curie

Cory
    $600 3
Neil Sedaka

Triple Stumper
    $600 26
an afro

Cory
    $600 20
Aretha Franklin

Cindy
    $600 5
a restraining order

Cory
    $600 10
the library

Cindy
    $800 18
Amelia Earhart

Christopher
    $800 4
Dr. Dre

Cory
    $800 29
[The end-of-round signal sounds.]

a raid

Cindy
    $800 23
(Alex: You are correct, with a minute to go.)

Hurricane Katrina

Cory
    $1,800 6
a non-disclosure agreement

Cory
    $800 11
Vermont

Christopher
    $1000 19
Diego Rivera

Cory
    $1000 22
Weezer

Cory
    $1000 24
(Alex: Yes, how did you get in ahead of Cory on that one?)
(Christopher: It was bound to happen eventually.)

Rwanda

Christopher
    $1000 7
a statute of limitations

Cindy
    $1000 12
vertebra

Cory

Scores at the first commercial break (after clue 14):

Christopher Cory Cindy
$1,200 $5,200 $2,000

Scores at the end of the Jeopardy! Round:

Christopher Cory Cindy
$4,000 $9,800 $3,600

Double Jeopardy! Round responses

ON BATTERED KNEE
MR. SPEAKER (OF THE HOUSE)
WORLD HERITAGE SITES
FIRST NAME'S THE SAME
NOVEL "T"s
SUFFIXES
    $400 26
Tiger Woods

Christopher
    $400 23
(Alex: You are right, with a minute to go.)

John Boehner

Cory
    $400 12
Easter Island

Cindy
    $400 16
Clark

Cindy
    $400 1
(Christopher: What is This Is Here?)

That Was Then

ChristopherCory
    $400 7
-wise

Christopher
    $800 27
Beckham

Christopher
    $800 24
Gingrich

Christopher
    $800 13
Prague

Cindy
    $800 17
(Cory: What is Will?)

Perry

ChristopherCory
    $800 2
The Three Musketeers

Cindy
    $800 8
-plex

Cory
    $1200 28
[The end-of-round signal sounds.]

(Joe) Theismann

Christopher
    $1200 4
Tallulah

Cindy
    $1,600 11
(Cory: What is the Parthenon?)
(Alex: No, sorry. They were referring to the entire hill, not just one building on it.)

the Acropolis

Cory
    $1200 18
Waylon

Christopher
    $1200 3
Through the Looking-Glass

Cory
    $1200 21
(Cory: What is -stan... oh, what is [*]?)

Waziristan

Cory
    $1600 9
(Cindy: Who's Webster?)
(Cory: Who is Calhoun?)

Henry Clay

CoryCindy
Triple Stumper
    $1600 14
Newfoundland

Christopher
    $1600 19
Xavier

Cindy
    $2,000 5
Tess of the d'Urbervilles

Cindy
    $1600 22
(Cindy: What's an a--oh. What's an axis?)

-tropic

Cindy
Triple Stumper
    $2000 10
Sam Rayburn

Triple Stumper
    $2000 15
Ayers Rock

Christopher
    $2000 20
Zebulon

Cindy
    $2000 6
Things

Cindy
    $2000 25
-bound

Christopher

Scores at the end of the Double Jeopardy! Round:

Christopher Cory Cindy
$14,800 $9,800 $11,600

[wagering suggestions for these scores]

Final Jeopardy! Round responses

BARTLETT'S FAMILIAR QUOTATIONS
CoryWhat is Afghanistan?
$5,001
CindyWhat is England
$11,600
ChristopherWhat is Greece?
$8,401
Egypt

Final scores:

Christopher Cory Cindy
$6,399 $4,799 $0
3-day champion: $38,399 2nd place: $2,000 3rd place: $1,000

Game dynamics:

Coryat scores:

Christopher Cory Cindy
$14,800 $10,400 $11,200
18 R,
1 W
19 R
(including 1 DD),
3 W
(including 1 DD)
15 R
(including 1 DD),
2 W

Combined Coryat: $36,400

[game clues] [game scores] [suggest correction]

Game tape date: 2010-11-30
The J! Archive is created by fans, for fans. Scraping, republication, monetization, and malicious use prohibited; this site may use cookies and collect identifying information. See terms. The Jeopardy! game show and all elements thereof, including but not limited to copyright and trademark thereto, are the property of Jeopardy Productions, Inc. and are protected under law. This website is not affiliated with, sponsored by, or operated by Jeopardy Productions, Inc. Join the discussion at JBoard.tv.